Présidents des Etats-Unis pendant la Guerre Froide - Statistiques

Statistiques générales
  • Ce quiz a été pris 135 fois
  • Le résultat moyen est 6 sur 9
Statistiques - réponses
Date Président % Correct
1945-1953 Harry S. Truman
88%
1961-1963 John F. Kennedy
87%
1969-1974 Richard Nixon
82%
1981-1989 Ronald Reagan
73%
1989-1993 George H. W. Bush
71%
1953-1961 Dwight D. Eisenhower
59%
1977-1981 Jimmy Carter
51%
1974-1977 Gerald Ford
46%
1963-1969 Lyndon B. Johnson
45%
Aucun quiz correspondant
Distribution des résultats
% des personnes avec chaque résultat
Percentile par nombre de réponses
Votre historique - résultats
Vous n’avez pas pris ce quiz